00477pab a2200169 454500008004000000100002300040245007400063260000900137300001200146362001000158650002700168650002400195650002500219700001900244700002400263773002000287180718b2006 xxu||||| |||| 00| 0 eng d aSudarsana Reddy G. aIndustry-business school interaction for quality management education c2006 ap.6-10. a7 Aug aIndustry and education aEducational quality aManagement education aMohan Reddy P. aRaghunath Reddy, S. aUniversity News